[Event "Damhus-ch B"]
[Site "Rodovre"]
[Date "2013.10.22"]
[Round "7"]
[White "Wisal, Zoran"]
[Black "Gemzoe, Bjorn"]
[Result "1/2-1/2"]
[WhiteElo "1332"]
[BlackElo "1342"]
[PlyCount "82"]
[EventDate "2013.09.03"]
[EventType "swiss"]
[EventRounds "7"]
[EventCountry "DEN"]
[SourceTitle "EXT 2023"]
[Source "ChessBase"]
[SourceDate "2022.10.05"]
[SourceVersion "1"]
[SourceVersionDate "2022.10.05"]
[SourceQuality "1"]

1. d4 d5 2. e3 Bf5 3. Bd3 e6 4. Bxf5 exf5 5. Qd3 Qf6 6. Nf3 Bd6 7. Qb5+ Nd7 8. Qxb7 Rb8 9. Qxd5 Ne7 10. Qc4 Rb4 11. Qd3 0-0 12. a3 Rb7 13. 0-0 g5 14. c4 c5 15. d5 g4 16. Ne1 Qh4 17. g3 Qf6 18. Nc3 Ne5 19. Qe2 h5 20. Nb5 Bb8 21. f4 Nd7 22. Qg2 a6 23. d6 axb5 24. Qxb7 Qxd6 25. Qxb5 Bc7 26. Qb3 Nf6 27. Qd3 Qa6 28. Ng2 Rd8 29. Qe2 Qd6 30. b4 Ne4 31. Bb2 Nd2 32. bxc5 Qxc5 33. Bd4 Nf3+ 34. Rxf3 gxf3 35. Qxf3 Qxc4 36. Qxh5 Rxd4 37. exd4 Qxd4+ 38. Ne3 Qxa1+ 39. Kg2 Qb2+ 40. Kh3 Qf6 41. Qg5+ Qxg5 1/2-1/2

[Event "Damhus-ch B"]
[Site "Rodovre"]
[Date "2013.10.01"]
[Round "5"]
[White "Petersen, Flemming R"]
[Black "Wisal, Zoran"]
[Result "1/2-1/2"]
[WhiteElo "1650"]
[BlackElo "1332"]
[PlyCount "73"]
[EventDate "2013.09.03"]
[EventType "swiss"]
[EventRounds "7"]
[EventCountry "DEN"]
[SourceTitle "EXT 2023"]
[Source "ChessBase"]
[SourceDate "2022.10.05"]
[SourceVersion "1"]
[SourceVersionDate "2022.10.05"]
[SourceQuality "1"]

1. e4 e6 2. Nf3 b6 3. d4 Bb7 4. Bd3 h6 5. Nbd2 Nf6 6. 0-0 Be7 7. h3 0-0 8. Nh2 c5 9. e5 Nh7 10. c3 Ng5 11. f4 Nh7 12. Be4 Bxe4 13. Nxe4 cxd4 14. cxd4 d5 15. Ng3 Nc6 16. f5 Nxd4 17. f6 Bc5 18. Be3 Nc2 19. Bxc5 bxc5 20. Qxc2 gxf6 21. Ng4 f5 22. Nf2 c4 23. Ne2 Qg5 24. Qc3 Rfc8 25. Nh1 Nf8 26. Rf3 Kh7 27. Rg3 Qh4 28. Rf1 Ng6 29. Qe3 Rg8 30. Nd4 f4 31. Rxf4 Qxf4 32. Qxf4 Nxf4 33. Rf3 Nd3 34. Rxf7+ Kg6 35. Rf6+ Kh7 36. Rf7+ Kg6 37. Rf6+ 1/2-1/2

[Event "Damhus-ch B"]
[Site "Rodovre"]
[Date "2013.09.17"]
[Round "3"]
[White "Makholm, Jesper"]
[Black "Wisal, Zoran"]
[Result "0-1"]
[WhiteElo "1381"]
[BlackElo "1332"]
[PlyCount "38"]
[EventDate "2013.09.03"]
[EventType "swiss"]
[EventRounds "7"]
[EventCountry "DEN"]
[SourceTitle "EXT 2023"]
[Source "ChessBase"]
[SourceDate "2022.10.05"]
[SourceVersion "1"]
[SourceVersionDate "2022.10.05"]
[SourceQuality "1"]

1. e4 b6 2. c4 Bb7 3. Nc3 e6 4. Nf3 Nf6 5. d3 Be7 6. g3 d5 7. e5 Ng4 8. Bh3 h5 9. cxd5 Bxd5 10. Bxg4 hxg4 11. Qa4+ Nc6 12. Nxd5 Qxd5 13. Qxg4 Nxe5 14. Nxe5 Qxh1+ 15. Ke2 Bf6 16. Nf3 0-0-0 17. d4 Rxh2 18. Nxh2 Rxd4 19. Qh5 Qd1+ 0-1

[Event "Damhus-ch D"]
[Site "Rodovre"]
[Date "2011.10.25"]
[Round "7"]
[White "Wisal, Zoran"]
[Black "Nielsen, Niels Holger"]
[Result "1/2-1/2"]
[WhiteElo "1375"]
[BlackElo "1355"]
[PlyCount "82"]
[EventDate "2011.09.06"]
[EventType "swiss"]
[EventRounds "7"]
[EventCountry "DEN"]
[SourceTitle "EXT 2023"]
[Source "ChessBase"]
[SourceDate "2022.10.05"]
[SourceVersion "1"]
[SourceVersionDate "2022.10.05"]
[SourceQuality "1"]

1. d4 Nf6 2. c4 g6 3. Bd2 Bg7 4. Qc2 0-0 5. Nf3 d6 6. e4 Nbd7 7. Bc3 e5 8. d5 Nc5 9. Nbd2 b6 10. b4 Nb7 11. Be2 Qe7 12. h3 Nh5 13. Nh2 Nf4 14. Bf3 Nd8 15. Ng4 Nh5 16. a3 c6 17. Ne3 Nf6 18. b5 c5 19. a4 Ne8 20. Ng4 f5 21. Ne3 f4 22. Ng4 h5 23. Nh2 Nf6 24. Nb3 Nh7 25. Qe2 Qf7 26. a5 Rb8 27. a6 Qe8 28. 0-0-0 Nf7 29. h4 Nh6 30. g4 fxg3 31. fxg3 Nf6 32. Rdf1 Nhg4 33. Nxg4 Nxg4 34. Bd2 Bd7 35. Bg5 Bf6 36. Bxf6 Rxf6 37. Bxg4 Bxg4 38. Qe3 Qf8 39. Nd2 Kh7 40. Qg5 Rxf1+ 41. Rxf1 Qg7 1/2-1/2

[Event "Damhus-ch D"]
[Site "Rodovre"]
[Date "2011.09.29"]
[Round "4"]
[White "Wisal, Zoran"]
[Black "Grum Schwensen, Jens"]
[Result "1/2-1/2"]
[WhiteElo "1375"]
[BlackElo "1300"]
[PlyCount "90"]
[EventDate "2011.09.06"]
[EventType "swiss"]
[EventRounds "7"]
[EventCountry "DEN"]
[SourceTitle "EXT 2023"]
[Source "ChessBase"]
[SourceDate "2022.10.05"]
[SourceVersion "1"]
[SourceVersionDate "2022.10.05"]
[SourceQuality "1"]

1. e4 e5 2. Nf3 Nc6 3. Nc3 Nf6 4. d4 exd4 5. Nxd4 Be7 6. Be2 d6 7. Bf3 0-0 8. 0-0 Ne5 9. h3 c6 10. Be2 c5 11. Nf3 Bd7 12. Nxe5 dxe5 13. Bf3 Bc6 14. Nd5 Bd6 15. Bg5 Bxd5 16. exd5 Rb8 17. Be4 Be7 18. Bxf6 Bxf6 19. c4 b5 20. b3 Qd6 21. Qc2 h6 22. a3 Rfc8 23. cxb5 Rxb5 24. Qc4 Rbb8 25. Rfc1 Kf8 26. Rab1 Be7 27. Qd3 Bd8 28. Rc4 g6 29. g4 Bg5 30. b4 a5 31. Rxc5 Rxc5 32. bxc5 Rxb1+ 33. Qxb1 Qxc5 34. Qb8+ Kg7 35. Qxe5+ Bf6 36. Qg3 Qd4 37. Qd3 Qxd3 38. Bxd3 Be7 39. a4 Kf6 40. Bb5 g5 41. Kg2 Ke5 42. Bc6 Kf4 43. f3 Bc5 44. Be8 f6 45. Bc6 Bd6 1/2-1/2

[Event "Damhus-ch D"]
[Site "Rodovre"]
[Date "2011.09.13"]
[Round "2"]
[White "Wadtland, Flemming"]
[Black "Wisal, Zoran"]
[Result "1/2-1/2"]
[WhiteElo "1061"]
[BlackElo "1375"]
[PlyCount "45"]
[EventDate "2011.09.06"]
[EventType "swiss"]
[EventRounds "7"]
[EventCountry "DEN"]
[SourceTitle "EXT 2023"]
[Source "ChessBase"]
[SourceDate "2022.10.05"]
[SourceVersion "1"]
[SourceVersionDate "2022.10.05"]
[SourceQuality "1"]

1. c4 g6 2. Nf3 Bg7 3. Nc3 e6 4. g3 b6 5. Bg2 Bb7 6. 0-0 Nh6 7. Re1 Nf5 8. e4 Nd4 9. Nxd4 Bxd4 10. d3 Qf6 11. Qc2 Qg7 12. Be3 Bxe3 13. Rxe3 0-0 14. Ne2 c5 15. Qc3 e5 16. f4 d6 17. Rf1 Nc6 18. Ref3 Nd4 19. Nxd4 exd4 20. Qd2 f5 21. R3f2 Rae8 22. exf5 Bxg2 23. Kxg2 1/2-1/2

[Event "Damhus-ch B"]
[Site "Rodovre"]
[Date "2010.10.26"]
[Round "7"]
[White "Wisal, Zoran"]
[Black "Tutundjan, Hovhannes"]
[Result "1/2-1/2"]
[WhiteElo "1404"]
[BlackElo "1543"]
[PlyCount "83"]
[EventDate "2010.09.07"]
[EventType "tourn"]
[EventRounds "7"]
[EventCountry "DEN"]
[SourceTitle "EXT 2023"]
[Source "ChessBase"]
[SourceDate "2022.10.05"]
[SourceVersion "1"]
[SourceVersionDate "2022.10.05"]
[SourceQuality "1"]

1. d4 d5 2. Nc3 e6 3. Nf3 Nc6 4. a3 a5 5. Bd2 Nf6 6. Bg5 Be7 7. Qd2 b6 8. Nb5 Ne4 9. Bxe7 Qxe7 10. Qf4 Kd8 11. Ne5 Nxe5 12. Qxe5 f6 13. Qf4 c6 14. f3 g5 15. Qe3 Nd6 16. Nxd6 Qxd6 17. Qd2 Ba6 18. g3 Ke7 19. 0-0-0 c5 20. e4 dxe4 21. fxe4 cxd4 22. Qxd4 Qxd4 23. Rxd4 Bxf1 24. Rxf1 Rhd8 25. c3 Rac8 26. Kb1 Rd7 27. Rfd1 Rcd8 28. Kc2 h5 29. h3 Rxd4 30. Rxd4 Rxd4 31. cxd4 Kd6 32. Kd3 f5 33. b3 b5 34. Ke3 Kc6 35. d5+ Kd6 36. dxe6 Kxe6 37. exf5+ Kxf5 38. Kd4 h4 39. gxh4 gxh4 40. Ke3 b4 41. axb4 axb4 42. Kf3 1/2-1/2

[Event "Damhus-ch B"]
[Site "Rodovre"]
[Date "2010.09.07"]
[Round "1"]
[White "Bauers, Sten"]
[Black "Wisal, Zoran"]
[Result "1-0"]
[WhiteElo "1499"]
[BlackElo "1404"]
[PlyCount "65"]
[EventDate "2010.09.07"]
[EventType "tourn"]
[EventRounds "7"]
[EventCountry "DEN"]
[SourceTitle "EXT 2023"]
[Source "ChessBase"]
[SourceDate "2022.10.05"]
[SourceVersion "1"]
[SourceVersionDate "2022.10.05"]
[SourceQuality "1"]

1. e4 Nc6 2. f4 d6 3. Nf3 Nf6 4. e5 dxe5 5. fxe5 Nd5 6. d4 e6 7. a3 a6 8. c4 Nb6 9. Nc3 Ne7 10. Bg5 Qd7 11. b3 h6 12. Bh4 Ng6 13. Bf2 c6 14. d5 Qd8 15. d6 Nd7 16. Qd4 c5 17. Qe4 Qa5 18. Qe3 Rb8 19. Be2 b5 20. 0-0 b4 21. axb4 Qxb4 22. Rfb1 Bb7 23. Be1 Qb6 24. Na4 Qc6 25. Bg3 Rd8 26. Bd3 Ndxe5 27. Bxe5 Nxe5 28. Qxe5 Bxd6 29. Qxg7 Rf8 30. Re1 Bf4 31. Be4 Qc7 32. Bxb7 Qxb7 33. Rxe6+ 1-0

[Event "Rodovre-ch B"]
[Site "Rodovre"]
[Date "2009.10.15"]
[Round "7"]
[White "Nielsen, Niels Holger"]
[Black "Wisal, Zoran"]
[Result "1/2-1/2"]
[WhiteElo "1415"]
[BlackElo "1460"]
[PlyCount "92"]
[EventDate "2009.09.01"]
[EventType "tourn"]
[EventRounds "7"]
[EventCountry "DEN"]
[SourceTitle "EXT 2023"]
[Source "ChessBase"]
[SourceDate "2022.10.05"]
[SourceVersion "1"]
[SourceVersionDate "2022.10.05"]
[SourceQuality "1"]

1. e4 e5 2. Nf3 Nf6 3. Nxe5 Nxe4 4. d3 Nf6 5. Be2 Nc6 6. Nf3 h6 7. Nc3 b6 8. Bd2 Bb7 9. 0-0 Bc5 10. Re1 0-0 11. Be3 Bxe3 12. fxe3 Qe7 13. e4 Ne5 14. Bf1 Nxf3+ 15. Qxf3 Nh7 16. Qg3 Qc5+ 17. Qe3 Qxe3+ 18. Rxe3 a6 19. Rae1 Rae8 20. d4 d6 21. Bc4 Ng5 22. Nd5 b5 23. Bb3 c6 24. Nf4 Kh7 25. c3 Ne6 26. Nxe6 fxe6 27. e5 d5 28. g3 g6 29. Bc2 Kg7 30. a3 Re7 31. a4 Ref7 32. axb5 cxb5 33. Bd1 a5 34. Bg4 Bc8 35. Be2 Bd7 36. b3 Ra8 37. Ra1 a4 38. c4 dxc4 39. bxc4 b4 40. d5 Rb8 41. Bg4 Re7 42. dxe6 Bxe6 43. Bxe6 Rxe6 44. Rxa4 b3 45. Ra1 b2 46. Rb1 Ra6 1/2-1/2

[Event "Rodovre-ch B"]
[Site "Rodovre"]
[Date "2009.10.06"]
[Round "6"]
[White "Wisal, Zoran"]
[Black "Ingvardsen, Jan"]
[Result "0-1"]
[WhiteElo "1460"]
[BlackElo "1314"]
[PlyCount "52"]
[EventDate "2009.09.01"]
[EventType "tourn"]
[EventRounds "7"]
[EventCountry "DEN"]
[SourceTitle "EXT 2023"]
[Source "ChessBase"]
[SourceDate "2022.10.05"]
[SourceVersion "1"]
[SourceVersionDate "2022.10.05"]
[SourceQuality "1"]

1. e4 e6 2. d4 d5 3. e5 c5 4. c3 Nc6 5. a3 Qb6 6. Nh3 cxd4 7. cxd4 Qxd4 8. Nc3 Qxd1+ 9. Nxd1 Nxe5 10. Bb5+ Bd7 11. Bxd7+ Nxd7 12. Nc3 a6 13. 0-0 Ngf6 14. f4 Bc5+ 15. Kh1 0-0 16. Bd2 Rac8 17. Nf2 Rfe8 18. g4 Bxf2 19. Rxf2 Nxg4 20. Rg2 Ngf6 21. Rag1 g6 22. Ne2 Ne4 23. Bc1 Rc2 24. h4 Ndf6 25. Be3 Nh5 26. Bd4 Rxe2 0-1

[Event "Rodovre-ch B"]
[Site "Rodovre"]
[Date "2009.09.29"]
[Round "5"]
[White "Hansen, Ernst Mader"]
[Black "Wisal, Zoran"]
[Result "0-1"]
[WhiteElo "1582"]
[BlackElo "1460"]
[PlyCount "96"]
[EventDate "2009.09.01"]
[EventType "tourn"]
[EventRounds "7"]
[EventCountry "DEN"]
[SourceTitle "EXT 2023"]
[Source "ChessBase"]
[SourceDate "2022.10.05"]
[SourceVersion "1"]
[SourceVersionDate "2022.10.05"]
[SourceQuality "1"]

1. e4 e5 2. Nf3 d6 3. h3 b6 4. Bc4 h6 5. d4 Nf6 6. Nc3 exd4 7. Nxd4 Be7 8. 0-0 Bb7 9. Re1 0-0 10. Nd5 Nxd5 11. exd5 Bf6 12. c3 Nd7 13. Nc6 Bxc6 14. dxc6 Ne5 15. Bd5 Bg5 16. f4 Bh4 17. Re3 Ng6 18. g3 Bf6 19. Qg4 Ne7 20. Bg2 d5 21. Rd3 Qd6 22. c4 Qc5+ 23. Be3 Qxc4 24. Rad1 Qxc6 25. b3 Rad8 26. Rc1 Qb5 27. Qd1 c5 28. a4 Qd7 29. a5 Qb5 30. axb6 axb6 31. Bf1 Qd7 32. b4 d4 33. Bf2 Qd6 34. bxc5 bxc5 35. h4 Nf5 36. Bh3 Ne7 37. Qf3 Qb6 38. Rb3 Qc6 39. Qd3 Nd5 40. Bg2 Qd6 41. Rd1 Rfe8 42. Rb7 Rd7 43. Qb5 Red8 44. Rb1 Nc3 45. Rxd7 Qxd7 46. Qxd7 Rxd7 47. Rb8+ Kh7 48. Rc8 d3 0-1

[Event "Rodovre-ch B"]
[Site "Rodovre"]
[Date "2009.09.17"]
[Round "1"]
[White "Henriksen, Franz"]
[Black "Wisal, Zoran"]
[Result "1-0"]
[WhiteElo "1368"]
[BlackElo "1460"]
[PlyCount "71"]
[EventDate "2009.09.01"]
[EventType "tourn"]
[EventRounds "7"]
[EventCountry "DEN"]
[SourceTitle "EXT 2023"]
[Source "ChessBase"]
[SourceDate "2022.10.05"]
[SourceVersion "1"]
[SourceVersionDate "2022.10.05"]
[SourceQuality "1"]

1. e4 e5 2. f4 exf4 3. Nf3 Nf6 4. Nc3 d6 5. d4 Bg4 6. h3 Bh5 7. Bxf4 a6 8. Bc4 Be7 9. g4 Bg6 10. Qe2 0-0 11. 0-0-0 Nc6 12. d5 Na5 13. Bd3 b5 14. Nh4 Rc8 15. Nxg6 fxg6 16. Bd2 c5 17. dxc6 Nxc6 18. g5 Nd7 19. h4 Nde5 20. Nd5 Nxd3+ 21. Qxd3 Ne5 22. Qa3 Rc6 23. Bc3 Qd7 24. Nb4 Nc4 25. Qb3 Rcc8 26. Nxa6 Qa7 27. Nb4 Rf3 28. Nd5 Bf8 29. Kb1 Qc5 30. Rd3 Rf2 31. Bd4 Na5 32. Bxc5 Nxb3 33. Bxf2 Nc5 34. Rc3 Re8 35. Bxc5 dxc5 36. Re1 1-0

[Event "Rodovre-ch C"]
[Site "Rodovre"]
[Date "2007.09.25"]
[Round "4"]
[White "Wisal, Zoran"]
[Black "Henriksen, Franz"]
[Result "1/2-1/2"]
[WhiteElo "1405"]
[BlackElo "1402"]
[PlyCount "100"]
[EventDate "2007.09.04"]
[EventType "tourn"]
[EventRounds "7"]
[EventCountry "DEN"]
[SourceTitle "EXT 2023"]
[Source "ChessBase"]
[SourceDate "2022.10.05"]
[SourceVersion "1"]
[SourceVersionDate "2022.10.05"]
[SourceQuality "1"]

1. e4 g6 2. d4 Bg7 3. c3 Nf6 4. Nd2 0-0 5. Ngf3 d6 6. e5 dxe5 7. Nxe5 a6 8. Be2 Nbd7 9. Ndf3 Nxe5 10. Nxe5 h6 11. 0-0 Nh7 12. Ng4 h5 13. Ne5 Bxe5 14. dxe5 Bd7 15. Bh6 Re8 16. Qb3 Bc6 17. Rad1 Qc8 18. Bc4 e6 19. Be2 b5 20. Qc2 Qb7 21. f3 Nf8 22. Bd3 Kh7 23. Bg5 Nd7 24. Qe2 Bd5 25. b3 Nc5 26. Bc2 Nd7 27. Qe3 c5 28. Qf4 Rf8 29. Qh4 Nxe5 30. Qxh5+ Kg8 31. Qh3 f5 32. Qg3 Qg7 33. Rfe1 Nf7 34. Re3 c4 35. b4 Ra7 36. Rd4 Nxg5 37. Qxg5 a5 38. a3 axb4 39. axb4 Ra1+ 40. Rd1 Ra3 41. h4 f4 42. Re5 Rxc3 43. Bxg6 Rb3 44. h5 Rxb4 45. Rexd5 exd5 46. Qxd5+ Kh8 47. Qe6 Qf6 48. Qd7 Qg7 49. Qe6 Qf6 50. Qd7 Qg7 1/2-1/2

[Event "Rodovre-ch C"]
[Site "Rodovre"]
[Date "2007.09.04"]
[Round "1"]
[White "Jacobsen, Jesper Howalt"]
[Black "Wisal, Zoran"]
[Result "0-1"]
[WhiteElo "1084"]
[BlackElo "1405"]
[PlyCount "91"]
[EventDate "2007.09.04"]
[EventType "tourn"]
[EventRounds "7"]
[EventCountry "DEN"]
[SourceTitle "EXT 2023"]
[Source "ChessBase"]
[SourceDate "2022.10.05"]
[SourceVersion "1"]
[SourceVersionDate "2022.10.05"]
[SourceQuality "1"]

1. d4 d5 2. Nd2 Nc6 3. e3 Nf6 4. Be2 Qd6 5. c4 dxc4 6. Nxc4 Qd5 7. Nf3 Bg4 8. 0-0 Bxf3 9. gxf3 e6 10. Qb3 Rb8 11. Nd2 Bd6 12. Qxd5 Nxd5 13. Ne4 Be7 14. a3 a6 15. Bd2 0-0 16. Rac1 Na7 17. Nc5 Bxc5 18. dxc5 Nc6 19. e4 Nf6 20. Bc3 Nh5 21. Rfd1 Nf4 22. Bf1 Rfd8 23. h3 e5 24. Kh2 Nd4 25. Bxd4 Rxd4 26. Rxd4 exd4 27. c6 b6 28. Bxa6 d3 29. Rd1 Rd8 30. Kg3 g5 31. h4 h6 32. Kg4 f6 33. hxg5 hxg5 34. Kf5 Kg7 35. Bc4 Rd6 36. e5 fxe5 37. Kxe5 Rxc6 38. Kd4 Rd6+ 39. Kc3 Kf6 40. Bxd3 Ke5 41. Re1+ Kf6 42. Be4 c5 43. b4 cxb4+ 44. axb4 Ke5 45. Re3 Ng2 46. Bb7+ 0-1

[Event "Rodovre-ch B"]
[Site "Rodovre"]
[Date "2006.10.10"]
[Round "6"]
[White "Rohder, Bjarne"]
[Black "Wisal, Zoran"]
[Result "1/2-1/2"]
[WhiteElo "1510"]
[BlackElo "1520"]
[PlyCount "42"]
[EventDate "2006.09.05"]
[EventType "tourn"]
[EventRounds "7"]
[EventCountry "DEN"]
[SourceTitle "EXT 2023"]
[Source "ChessBase"]
[SourceDate "2022.10.05"]
[SourceVersion "1"]
[SourceVersionDate "2022.10.05"]
[SourceQuality "1"]

1. e4 e5 2. Bc4 Nf6 3. d3 d5 4. exd5 Nxd5 5. c3 Nf6 6. Qb3 Qe7 7. Bg5 Nbd7 8. Bxf6 Qxf6 9. Nf3 Bc5 10. Nbd2 0-0 11. Ne4 Qf4 12. 0-0 Be7 13. Rae1 Nb6 14. Bd5 Nxd5 15. Qxd5 Bf6 16. Nxf6+ gxf6 17. Re4 Qf5 18. h3 c6 19. Qd6 h5 20. Rfe1 Be6 21. R1e3 Rad8 1/2-1/2

[Event "Rodovre-ch C"]
[Site "Rodovre"]
[Date "2004.09.21"]
[Round "4"]
[White "Bahl, Carsten"]
[Black "Wisal, Zoran"]
[Result "1/2-1/2"]
[WhiteElo "1408"]
[BlackElo "1427"]
[PlyCount "53"]
[EventDate "2004.08.31"]
[EventType "tourn"]
[EventRounds "7"]
[EventCountry "DEN"]
[SourceTitle "EXT 2023"]
[Source "ChessBase"]
[SourceDate "2022.10.05"]
[SourceVersion "1"]
[SourceVersionDate "2022.10.05"]
[SourceQuality "1"]

1. d4 d5 2. c4 Nf6 3. Nf3 Nc6 4. Bf4 dxc4 5. e3 Nd5 6. Bxc4 Nxf4 7. exf4 e6 8. 0-0 Bd6 9. g3 0-0 10. Nc3 b6 11. Rc1 Na5 12. Bd3 Bb7 13. Ne4 Be7 14. a3 Bd5 15. Rc3 Nb7 16. Qe2 Nd6 17. Rfc1 c6 18. Nxd6 Qxd6 19. Ne5 Rac8 20. Qc2 g6 21. Nxc6 Rxc6 22. Rxc6 Bxc6 23. Qxc6 Qxd4 24. Qc3 Bc5 25. Rc2 a5 26. Qxd4 Bxd4 27. a4 1/2-1/2

[Event "Rodovre-ch C"]
[Site "Rodovre"]
[Date "2004.09.14"]
[Round "3"]
[White "Wisal, Zoran"]
[Black "Gemzoe, Bjorn"]
[Result "1-0"]
[WhiteElo "1427"]
[BlackElo "1273"]
[PlyCount "85"]
[EventDate "2004.08.31"]
[EventType "tourn"]
[EventRounds "7"]
[EventCountry "DEN"]
[SourceTitle "EXT 2023"]
[Source "ChessBase"]
[SourceDate "2022.10.05"]
[SourceVersion "1"]
[SourceVersionDate "2022.10.05"]
[SourceQuality "1"]

1. e4 b6 2. Be2 e6 3. Bf3 Ba6 4. Ne2 Nc6 5. d4 Rb8 6. 0-0 Nge7 7. Nbc3 Ng6 8. g3 Bb4 9. d5 Nce5 10. Bg2 Bxc3 11. bxc3 0-0 12. Re1 Bxe2 13. Rxe2 d6 14. Qd4 c5 15. Qd1 Nc4 16. f4 e5 17. f5 Nh8 18. a4 Na5 19. Bf1 c4 20. Rf2 f6 21. Qg4 Qe8 22. Ba3 Nb7 23. Bc1 Rf7 24. h4 Kf8 25. Bxc4 Ke7 26. Bd2 Qd7 27. Qe2 Rg8 28. Qe3 g6 29. Kh2 gxf5 30. Rxf5 Rfg7 31. Qh6 Rf7 32. Bb5 Qc8 33. Raf1 Rg6 34. Qh5 Qg8 35. Qf3 Qg7 36. h5 Rg4 37. Be2 Rg5 38. Bxg5 fxg5 39. Rxf7+ Nxf7 40. Qf5 Nfd8 41. Bb5 Nc5 42. Qc8 Nf7 43. Qc7+ 1-0